<?xml version="1.0" encoding="UTF-8"?>
<record
    xmlns:xsi="http://www.w3.org/2001/XMLSchema-instance"
    xsi:schemaLocation="http://www.loc.gov/MARC21/slim http://www.loc.gov/standards/marcxml/schema/MARC21slim.xsd"
    xmlns="http://www.loc.gov/MARC21/slim">

  <leader>00799cam a22002891  4500</leader>
  <controlfield tag="001">sa 67004825 </controlfield>
  <controlfield tag="003">DLC</controlfield>
  <controlfield tag="005">20260227112351.0</controlfield>
  <controlfield tag="008">890418s1965    ii h     b    000 0 urdr </controlfield>
  <datafield tag="010" ind1=" " ind2=" ">
    <subfield code="a">sa 67004825 </subfield>
  </datafield>
  <datafield tag="035" ind1=" " ind2=" ">
    <subfield code="a">(OCoLC)19567477</subfield>
  </datafield>
  <datafield tag="040" ind1=" " ind2=" ">
    <subfield code="a">DLC</subfield>
    <subfield code="c">WaU</subfield>
    <subfield code="d">DLC</subfield>
  </datafield>
  <datafield tag="042" ind1=" " ind2=" ">
    <subfield code="a">premarc</subfield>
  </datafield>
  <datafield tag="043" ind1=" " ind2=" ">
    <subfield code="a">a-iq---</subfield>
  </datafield>
  <datafield tag="050" ind1="0" ind2="0">
    <subfield code="a">BP80.H8</subfield>
    <subfield code="b">K35 1965</subfield>
  </datafield>
  <datafield tag="100" ind1="1" ind2=" ">
    <subfield code="a">K&#x101;shif&#x12B;, &#x1E24;usayn V&#x101;&#x2BB;i&#x1E93;,</subfield>
    <subfield code="d">-1504 or 1505.</subfield>
  </datafield>
  <datafield tag="245" ind1="1" ind2="0">
    <subfield code="a">Karbal kath&#x101;.</subfield>
  </datafield>
  <datafield tag="260" ind1=" " ind2=" ">
    <subfield code="c">[1965]</subfield>
  </datafield>
  <datafield tag="300" ind1=" " ind2=" ">
    <subfield code="a">348 p.</subfield>
    <subfield code="b">facsims.</subfield>
    <subfield code="c">23 cm.</subfield>
  </datafield>
  <datafield tag="500" ind1=" " ind2=" ">
    <subfield code="a">In Urdu.</subfield>
  </datafield>
  <datafield tag="504" ind1=" " ind2=" ">
    <subfield code="a">Bibliography: p. 333.</subfield>
  </datafield>
  <datafield tag="600" ind1="0" ind2="0">
    <subfield code="a">&#x1E24;usayn ibn &#x2BB;Al&#x12B;,</subfield>
    <subfield code="d">-680.</subfield>
  </datafield>
  <datafield tag="651" ind1=" " ind2="0">
    <subfield code="a">Karbal&#x101;&#x2BC; (Iraq)</subfield>
    <subfield code="x">History.</subfield>
  </datafield>
  <datafield tag="700" ind1="0" ind2=" ">
    <subfield code="a">M&#x101;lik R&#x101;m,</subfield>
    <subfield code="d">1908-1993.</subfield>
  </datafield>
  <datafield tag="700" ind1="0" ind2=" ">
    <subfield code="a">Mukht&#x101;r al-D&#x12B;n, A&#x1E25;mad.</subfield>
  </datafield>
  <datafield tag="700" ind1="1" ind2=" ">
    <subfield code="a">Faz&#x324;l&#x12B;, Faz&#x324;l &#x2BB;Al&#x12B;,</subfield>
    <subfield code="d">active 1733.</subfield>
  </datafield>
  <datafield tag="999" ind1=" " ind2=" ">
    <subfield code="c">74789</subfield>
    <subfield code="d">74789</subfield>
  </datafield>
</record>
